000 00788nam a22002657a 4500
001 6844
003 FISKH
005 20250602122749.0
008 250602b cb ||||| |||| 00| 0 eng d
040 _aFISKH
_beng
_cFISKH
_dFISKH
050 _aPZ8.L6 F
082 _a398.2
100 _aLobel, Arnold
245 _aFables /
_cWritten and illustrated by Arnold Lobel
260 _aNew York :
_bScholastic,
_c1980.
300 _a41 pages :
_bcolor illustrations ;
_c28 cm
505 _aN
520 _aTwenty original fables about an array of animal characters from crocodile to ostrich.
521 8 _a540
_bLexile
521 8 _aN
_bRaz-Plus
650 _aAnimals
_vFolklore
_xFables
700 _aLobel, Arnold
_eillustrator
942 _2ddc
_cBK
_n0
999 _c6844
_d6844